[Event "DEM U10/U10w 2008"]
[Site "Willingen GER"]
[Date "2008.05.17"]
[Round "11"]
[White "Oelfke, Nils Lukas"]
[Black "Döpper, Anna Berenice"]
[Result "1-0"]
[Termination "normal"]
[Board "41"]
[WhiteElo "921"]
[BlackElo "858"]
[PlyCount "39"]
[BlackFideId "1271853"]
[EventCountry "GER"]
[EventRounds "11"]
[EventType "swiss"]
[EventDate "2008.05.10"]

1. e4 e6 2. Qe2 Nf6 3. c4 Bc5 4. e5 Ng8 5. Nf3 Ne7 6. a3 a5 7. d4 Ba7 8. Nc3
O-O 9. Qe4 g6 10. Bh6 Re8 11. Qf4 d6 12. Bd3 Nf5 13. g4 Nxh6 14. Qxh6 dxe5 15.
O-O exd4 16. Ne4 Nc6 17. g5 Re7 18. Nf6+ Kh8 19. h4 a4 20. Qxh7# 1-0

[Event "DEM U10/U10w 2008"]
[Site "Willingen GER"]
[Date "2008.05.17"]
[Round "11"]
[White "Falk, Frederike"]
[Black "Wagner, Swenja"]
[Result "0-1"]
[Termination "normal"]
[Board "42"]
[WhiteElo "918"]
[BlackElo "832"]
[PlyCount "94"]
[BlackFideId "12900494"]
[EventCountry "GER"]
[EventRounds "11"]
[EventType "swiss"]
[EventDate "2008.05.10"]

1. e4 e5 2. f4 exf4 3. Nf3 Nf6 4. Nc3 d5 5. e5 Ne4 6. d4 Bb4 7. Qd3 Bxc3+ 8.
bxc3 Bf5 9. Qb5+ Nd7 10. Qb3 c5 11. Bxf4 c4 12. Qb2 O-O 13. Nd2 a6 14. Nxe4
Bxe4 15. Qxb7 Qh4+ 16. Bg3 Qg4 17. Qb1 Bf5 18. Qd1 Qe4+ 19. Qe2 Qxc2 20. Qxc2
Bxc2 21. Be2 f6 22. exf6 Rxf6 23. Rf1 Rxf1+ 24. Kxf1 Rf8+ 25. Kg1 Bd3 26. Bxd3
cxd3 27. Rd1 Nf6 28. Rxd3 Ne4 29. Re3 Nd2 30. Re1 Rc8 31. Rc1 Rc4 32. Bf4 Ne4
33. Be5 Nxc3 34. a3 Ne2+ 35. Kf2 Nxc1 36. h4 Ra4 37. g4 Nd3+ 38. Kf3 Nxe5+ 39.
dxe5 Rxa3+ 40. Kf4 Ra4+ 41. Kf5 d4 42. Ke4 a5 43. e6 Kf8 44. Kd5 d3 45. Kd6 Ke8
46. g5 d2 47. e7 d1=Q+ 0-1

[Event "DEM U10/U10w 2008"]
[Site "Willingen GER"]
[Date "2008.05.17"]
[Round "11"]
[White "Hälterlein, Anna"]
[Black "Zeller, Anna"]
[Result "1-0"]
[Termination "normal"]
[Board "43"]
[WhiteElo "841"]
[BlackElo "690"]
[PlyCount "183"]
[EventCountry "GER"]
[EventRounds "11"]
[EventType "swiss"]
[EventDate "2008.05.10"]

1. d4 d5 2. c4 e6 3. Nc3 Nf6 4. Bg5 Be7 5. e3 h6 6. Bf4 Bd6 7. Bd3 Bxf4 8. exf4
Nc6 9. Nf3 Qd6 10. Qd2 Nh5 11. Ne2 Qb4 12. O-O Qxd2 13. Nxd2 Nb4 14. Bb1 b6 15.
a3 Nc6 16. Bc2 a6 17. Ba4 Bb7 18. Nf3 O-O 19. Rac1 Na5 20. cxd5 Bxd5 21. Ne5
Rac8 22. Bd7 Nb3 23. Rc2 Rcd8 24. Rxc7 f6 25. Nc6 Bxc6 26. Bxe6+ Kh7 27. Bxb3
Bd5 28. Bc2+ Kg8 29. Bg6 Rc8 30. Rxc8 Rxc8 31. Bxh5 Rc2 32. Re1 Rxb2 33. Ng3
Bf7 34. Bxf7+ Kxf7 35. d5 Rd2 36. Re4 Rxd5 37. Kf1 Rd2 38. Re3 Rd4 39. f5 g5
40. fxg6+ Kxg6 41. Re7 a5 42. Re4 Rd3 43. a4 Ra3 44. h4 Ra1+ 45. Ke2 Ra2+ 46.
Kf3 Ra3+ 47. Kf4 Ra2 48. h5+ Kf7 49. Ne2 b5 50. axb5 a4 51. b6 a3 52. b7 Rb2
53. Re3 a2 54. b8=Q Rxb8 55. Ra3 Rb4+ 56. Kf5 Rb2 57. Nf4 Rxf2 58. Ra7+ Ke8 59.
Ke6 Kd8 60. Kd6 Rd2+ 61. Nd5 Kc8 62. Kc6 Rc2+ 63. Kb6 Rb2+ 64. Kc6 Rc2+ 65. Kb6
Kd8 66. Nxf6 Rb2+ 67. Kc6 Rd2 68. g4 Rc2+ 69. Kd6 Rd2+ 70. Ke6 Kc8 71. g5 Kb8
72. Ra3 Kb7 73. Ra4 hxg5 74. h6 Re2+ 75. Kf5 Kb6 76. h7 Kb5 77. Ra8 Rh2 78.
Rxa2 Rxa2 79. h8=Q Rf2+ 80. Ke5 Re2+ 81. Ne4 g4 82. Qb8+ Kc4 83. Qc8+ Kd3 84.
Qxg4 Rxe4+ 85. Qxe4+ Kc3 86. Qe3+ Kc4 87. Qd4+ Kb5 88. Kd5 Ka5 89. Qb2 Ka6 90.
Kc5 Ka7 91. Kc6 Ka8 92. Qb7# 1-0

[Event "DEM U10/U10w 2008"]
[Site "Willingen GER"]
[Date "2008.05.17"]
[Round "11"]
[White "Schramm, Anna-Lena"]
[Black "Schröder, Janina"]
[Result "1-0"]
[Termination "normal"]
[Board "45"]
[WhiteElo "780"]
[BlackElo "738"]
[PlyCount "63"]
[WhiteFideId "12918237"]
[BlackFideId "24693138"]
[EventCountry "GER"]
[EventRounds "11"]
[EventType "swiss"]
[EventDate "2008.05.10"]

1. e4 e5 2. Bc4 Bc5 3. Qh5 g6 4. Qxe5+ Qe7 5. Qxh8 Qxe4+ 6. Be2 Qxg2 7. Bf3
Bxf2+ 8. Ke2 Bxg1+ 9. Bxg2 Bc5 10. Qxg8+ Bf8 11. Re1 d6 12. Kd1+ Be6 13. Bxb7
Nd7 14. Bxa8 Ne5 15. d4 Ng4 16. Bd5 Nf6 17. Qh8 Nxd5 18. Bh6 Nf6 19. Qxf8+ Kd7
20. Bg5 Ne8 21. Qe7+ Kc6 22. Qxe8+ Kb7 23. Nc3 Bg4+ 24. Ne2 Be6 25. Kd2 f5 26.
Qxe6 Kc6 27. Qc8 Kb6 28. d5 Kc5 29. Nc3 Kb6 30. Be3+ Ka5 31. Qb8 a6 32. b4# 1-0

[Event "5. ODEM U25 2008"]
[Site "Willingen GER"]
[Date "2008.05.11"]
[Round "1"]
[White "Figura, Atila Gajo"]
[Black "Jorczik, Andreas"]
[Result "1-0"]
[Termination "normal"]
[Board "1"]
[WhiteTitle "FM"]
[WhiteElo "2405"]
[BlackElo "1820"]
[PlyCount "65"]
[WhiteFideId "4688058"]
[BlackFideId "24634921"]
[EventCountry "GER"]
[EventRounds "9"]
[EventType "swiss"]
[EventDate "2008.05.10"]

1. e4 c5 2. Na3 Nc6 3. f4 e5 4. d3 d6 5. Nf3 f5 6. Be2 g6 7. exf5 Bxf5 8. fxe5
dxe5 9. Nc4 Bg7 10. c3 Qe7 11. Qb3 Rd8 12. Bg5 Bf6 13. Be3 Bxd3 14. Bxd3 Rxd3
15. Nfd2 Bg7 16. Qb5 Bf8 17. O-O-O Nf6 18. Bg5 Bg7 19. Nxe5 Qxe5 20. Rhe1 O-O
21. Rxe5 Nxe5 22. Bxf6 Rxf6 23. Ne4 Rxd1+ 24. Kxd1 Rf8 25. Qxc5 Rd8+ 26. Kc2
Nd3 27. Qe7 Ne1+ 28. Kb3 Rf8 29. Nd6 Nxg2 30. Qe6+ Kh8 31. Nf7+ Kg8 32. Nh6+
Kh8 33. Qg8+ 1-0

[Event "5. ODEM U25 2008"]
[Site "Willingen GER"]
[Date "2008.05.11"]
[Round "1"]
[White "Haase, Sebastian"]
[Black "Siebarth, Raiko"]
[Result "0-1"]
[Termination "normal"]
[Board "2"]
[WhiteElo "1627"]
[BlackElo "2284"]
[PlyCount "54"]
[BlackFideId "4674766"]
[EventCountry "GER"]
[EventRounds "9"]
[EventType "swiss"]
[EventDate "2008.05.10"]

1. d4 Nf6 2. Bf4 d6 3. Nf3 Nbd7 4. h3 c5 5. c3 Qb6 6. Qc2 cxd4 7. cxd4 e5 8.
dxe5 dxe5 9. Bh2 Qa5+ 10. Nbd2 Bd6 11. Nd4 Nb6 12. N4b3 Qa4 13. Qc3 Be6 14. Nc5
Bxc5 15. Qxc5 Rd8 16. e3 Rd5 17. Qc3 O-O 18. b3 Qa5 19. Qxa5 Rxa5 20. Nf3 Bxb3
21. Bxe5 Rxa2 22. Rxa2 Bxa2 23. Nd4 Nbd7 24. Bh2 Rc8 25. Kd1 Ne4 26. Ke2 Bc4+
27. Kf3 Nd2+ 0-1

[Event "5. ODEM U25 2008"]
[Site "Willingen GER"]
[Date "2008.05.11"]
[Round "1"]
[White "Coenen, Michael"]
[Black "Eigemann, Julian"]
[Result "1-0"]
[Termination "normal"]
[Board "3"]
[WhiteElo "2174"]
[BlackElo "1604"]
[PlyCount "81"]
[WhiteFideId "4697367"]
[BlackFideId "24666599"]
[EventCountry "GER"]
[EventRounds "9"]
[EventType "swiss"]
[EventDate "2008.05.10"]

1. d4 Nf6 2. Nf3 e6 3. g3 b6 4. Bg2 Bb7 5. O-O Be7 6. c4 O-O 7. Bg5 d6 8. d5 e5
9. Nfd2 Nbd7 10. Nc3 h6 11. Bxf6 Nxf6 12. h3 Qd7 13. e4 Rfe8 14. Kh2 Ba6 15. b4
Rad8 16. a4 Bb7 17. a5 Ra8 18. Qe2 Nh7 19. Qd3 Rf8 20. Ra3 Kh8 21. f4 Nf6 22.
Rfa1 Nh5 23. Bf3 Nf6 24. axb6 axb6 25. Ra7 Rxa7 26. Rxa7 Bc8 27. Bg2 Nh5 28.
Qf3 g6 29. Nb5 Bd8 30. fxe5 dxe5 31. Qc3 Re8 32. Nf3 f6 33. d6 Ng7 34. Qd2 Ne6
35. Qxh6+ Qh7 36. Qxh7+ Kxh7 37. c5 bxc5 38. bxc5 Bd7 39. dxc7 Be7 40. Nd6 Bxd6
41. c8=Q 1-0

[Event "5. ODEM U25 2008"]
[Site "Willingen GER"]
[Date "2008.05.11"]
[Round "1"]
[White "Janiesch, Maike"]
[Black "Lantzsch, Christian"]
[Result "0-1"]
[Termination "normal"]
[Board "4"]
[WhiteElo "1698"]
[BlackElo "2218"]
[PlyCount "59"]
[BlackFideId "4659821"]
[EventCountry "GER"]
[EventRounds "9"]
[EventType "swiss"]
[EventDate "2008.05.10"]

1. d4 d5 2. Nf3 Nc6 3. Bf4 Bg4 4. e3 e6 5. a3 Nf6 6. c4 Bd6 7. Bxd6 Qxd6 8. Nc3
O-O 9. cxd5 exd5 10. Bd3 Rfe8 11. O-O Ne4 12. Be2 Re6 13. Nxe4 dxe4 14. Nh4
Bxe2 15. Qxe2 Rh6 16. g3 Qe6 17. f4 exf3 18. Nxf3 Re8 19. Rfe1 Qe4 20. Rad1 Rf6
21. Kf2 g5 22. g4 Qxg4 23. Rg1 Qh4+ 24. Kg2 Qe4 25. Kf2 h6 26. h3 Ne7 27. Rg4
Qe6 28. Qd3 Nf5 29. Re1 Nh4 30. Rg3 0-1

[Event "5. ODEM U25 2008"]
[Site "Willingen GER"]
[Date "2008.05.11"]
[Round "1"]
[White "Billing, Christian"]
[Black "Maßloch, Philipp"]
[Result "1-0"]
[Termination "normal"]
[Board "5"]
[WhiteElo "2155"]
[BlackElo "1585"]
[PlyCount "67"]
[WhiteFideId "4697294"]
[BlackFideId "24692476"]
[EventCountry "GER"]
[EventRounds "9"]
[EventType "swiss"]
[EventDate "2008.05.10"]

1. e4 c5 2. d3 d6 3. g3 Nf6 4. Bg2 g6 5. f4 Bg7 6. Nf3 O-O 7. Nc3 Nc6 8. O-O
Bd7 9. h3 Rb8 10. Ne2 b5 11. Be3 h6 12. Nh2 Qc8 13. g4 Re8 14. Ng3 Nd8 15. f5
g5 16. Qc1 Nh7 17. Nf3 f6 18. c3 e5 19. fxe6 Nxe6 20. Qd2 a5 21. d4 b4 22. Rac1
Bf8 23. Rfd1 Bb5 24. Nf5 h5 25. cxb4 axb4 26. e5 hxg4 27. hxg4 Qd8 28. Qf2 Rc8
29. dxc5 d5 30. Nd6 Bxd6 31. exd6 Bc6 32. Nd4 Nxd4 33. Rxd4 Re5 34. Rxb4 1-0

[Event "5. ODEM U25 2008"]
[Site "Willingen GER"]
[Date "2008.05.11"]
[Round "1"]
[White "Preiß, Vincent"]
[Black "Jahncke, Giso"]
[Result "0-1"]
[Termination "normal"]
[Board "6"]
[WhiteElo "1580"]
[BlackElo "2031"]
[PlyCount "41"]
[WhiteFideId "24660850"]
[BlackFideId "24608289"]
[EventCountry "GER"]
[EventRounds "9"]
[EventType "swiss"]
[EventDate "2008.05.10"]

1. d4 Nf6 2. c4 g6 3. Nc3 Bg7 4. e4 d6 5. f4 c5 6. dxc5 Qa5 7. Bd2 Qxc5 8. Bd3
O-O 9. Nf3 Be6 10. Qe2 Nc6 11. Na4 Qh5 12. O-O-O Bg4 13. Rdf1 Nd4 14. Nxd4 Bxe2
15. Bxe2 Qh4 16. g3 Qh3 17. f5 Nxe4 18. Bg4 Qg2 19. Ne2 Nxd2 20. Kxd2 Qe4 21.
Bf3 0-1

[Event "5. ODEM U25 2008"]
[Site "Willingen GER"]
[Date "2008.05.11"]
[Round "1"]
[White "Günnigmann, Manuel"]
[Black "Kostka, Daniel"]
[Result "1-0"]
[Termination "normal"]
[Board "7"]
[WhiteElo "2043"]
[BlackElo "1572"]
[PlyCount "139"]
[WhiteFideId "24640360"]
[EventCountry "GER"]
[EventRounds "9"]
[EventType "swiss"]
[EventDate "2008.05.10"]

1. e4 e6 2. d4 d5 3. Nc3 Bb4 4. e5 c5 5. a3 Bxc3+ 6. bxc3 Ne7 7. Qg4 O-O 8. Bd3
c4 9. Be2 Nd7 10. Nf3 Nf5 11. Qh3 Qb6 12. O-O f6 13. exf6 Nxf6 14. g4 Nd6 15.
Ne5 Nd7 16. Nxd7 Bxd7 17. Qe3 Rf7 18. a4 Re8 19. a5 Qc6 20. Ba3 Ne4 21. f3 Nd6
22. Rab1 Nc8 23. Bb4 Qc7 24. f4 Ne7 25. Rf2 Nc6 26. Ra1 Nxb4 27. cxb4 Ref8 28.
Raf1 Qd6 29. c3 Ba4 30. Qd2 Bd7 31. Bd1 Qc7 32. Qe3 Qd6 33. Bc2 g6 34. Kh1 Qc7
35. h3 Qd6 36. Rf3 Qc7 37. Kg2 Qd6 38. R3f2 Qc7 39. Qg3 Qd6 40. h4 Qc7 41. Kg1
Qd6 42. Rf3 Qc7 43. R1f2 Qd6 44. Rf1 Qc7 45. R3f2 Qd6 46. Qh2 Qc7 47. Bd1 Qd6
48. Rf3 Qc7 49. Kh1 Qd6 50. h5 g5 51. fxg5 Qxh2+ 52. Kxh2 Rxf3 53. Bxf3 Ba4 54.
Kg3 Bc2 55. Bg2 Rxf1 56. Bxf1 Kf7 57. Kf4 Ke7 58. Ke5 b6 59. axb6 axb6 60. g6
hxg6 61. hxg6 Bxg6 62. Bh3 Be8 63. g5 Bf7 64. Bg4 b5 65. Bh3 Bg8 66. g6 Kd7 67.
Kf6 Kd6 68. Kg7 e5 69. Kxg8 exd4 70. cxd4 1-0

[Event "5. ODEM U25 2008"]
[Site "Willingen GER"]
[Date "2008.05.11"]
[Round "1"]
[White "Wolkow, Michael"]
[Black "Schneider, Christian"]
[Result "0-1"]
[Termination "normal"]
[Board "8"]
[WhiteElo "1566"]
[BlackElo "2097"]
[PlyCount "50"]
[BlackFideId "24613886"]
[EventCountry "GER"]
[EventRounds "9"]
[EventType "swiss"]
[EventDate "2008.05.10"]

1. e4 c6 2. d4 d5 3. exd5 cxd5 4. Nf3 Nc6 5. Be2 Bf5 6. O-O Nf6 7. Nc3 e6 8.
Bf4 Be7 9. a3 O-O 10. Re1 Ne4 11. Nxe4 dxe4 12. Ne5 Nxd4 13. c3 Nc6 14. Nxc6
bxc6 15. Qa4 Qb6 16. b4 a5 17. Qb3 Rfd8 18. Be5 a4 19. Qa2 e3 20. Bd4 Rxd4 21.
cxd4 exf2+ 22. Kxf2 Qxd4+ 23. Kf1 Bh4 24. Bf3 Bd3+ 25. Re2 Qf2# 0-1

[Event "5. ODEM U25 2008"]
[Site "Willingen GER"]
[Date "2008.05.11"]
[Round "1"]
[White "Högy, Kevin"]
[Black "Popp, Maximilian"]
[Result "1-0"]
[Termination "normal"]
[Board "9"]
[WhiteElo "2058"]
[BlackElo "1560"]
[PlyCount "65"]
[WhiteFideId "24647098"]
[BlackFideId "24673668"]
[EventCountry "GER"]
[EventRounds "9"]
[EventType "swiss"]
[EventDate "2008.05.10"]

1. e4 e6 2. d4 d5 3. e5 c5 4. c3 Nc6 5. Nf3 Bd7 6. a3 cxd4 7. cxd4 Nge7 8. Nc3
Nf5 9. b4 Rc8 10. Bb2 Be7 11. Be2 O-O 12. Rc1 f6 13. O-O fxe5 14. dxe5 Nh4 15.
Nxh4 Bxh4 16. f4 Qb6+ 17. Kh1 Nd4 18. Nxd5 exd5 19. Qxd4 Qxd4 20. Bxd4 Rxc1 21.
Rxc1 Rxf4 22. Bxa7 Re4 23. Bf3 Rxe5 24. g3 Bd8 25. Rd1 Be6 26. Kg2 Kf7 27. Bb8
Re3 28. Bxd5 Bf6 29. a4 Re2+ 30. Kf3 Rb2 31. Bxe6+ Kxe6 32. Rd6+ Ke7 33. Rb6
1-0

[Event "5. ODEM U25 2008"]
[Site "Willingen GER"]
[Date "2008.05.11"]
[Round "1"]
[White "Wagner, Thomas"]
[Black "Gölz, Daniel"]
[Result "0-1"]
[Termination "normal"]
[Board "10"]
[WhiteElo "1554"]
[BlackElo "2015"]
[PlyCount "48"]
[BlackFideId "24626325"]
[EventCountry "GER"]
[EventRounds "9"]
[EventType "swiss"]
[EventDate "2008.05.10"]

1. e4 c5 2. Nc3 e6 3. g3 d5 4. d3 Nf6 5. Bg2 Nc6 6. f4 dxe4 7. Nxe4 Nxe4 8.
Bxe4 Qb6 9. Rb1 Bd7 10. a3 Be7 11. Be3 Nd4 12. Ne2 Ba4 13. Nxd4 cxd4 14. Bf2
Rc8 15. b3 Bd7 16. a4 Qb4+ 17. Ke2 Bc6 18. Bxc6+ Rxc6 19. Qd2 Qc5 20. c3 Qh5+
21. Ke1 dxc3 22. Qc2 O-O 23. Bxa7 b6 24. a5 Qxa5 0-1

[Event "5. ODEM U25 2008"]
[Site "Willingen GER"]
[Date "2008.05.11"]
[Round "1"]
[White "Schätz, Christopher"]
[Black "Bauer, Hermann"]
[Result "1-0"]
[Termination "normal"]
[Board "11"]
[WhiteElo "2033"]
[BlackElo "1549"]
[PlyCount "67"]
[WhiteFideId "24623997"]
[BlackFideId "24601730"]
[EventCountry "GER"]
[EventRounds "9"]
[EventType "swiss"]
[EventDate "2008.05.10"]

1. e4 c5 2. Nf3 Nc6 3. d4 cxd4 4. Nxd4 Nf6 5. Nc3 e5 6. Ndb5 d6 7. Bg5 a6 8.
Na3 Be6 9. Nc4 Rc8 10. Nd5 Bxd5 11. exd5 Ne7 12. Bxf6 gxf6 13. Qf3 f5 14. O-O-O
Qc7 15. Qb3 b5 16. Nxe5 Bh6+ 17. Kb1 dxe5 18. d6 Qd7 19. Bd3 Rd8 20. dxe7 Kxe7
21. Qa3+ Kf6 22. Qxa6+ Kg7 23. Qxb5 Qxb5 24. Bxb5 f4 25. Rxd8 Rxd8 26. Bd3 Re8
27. f3 Bg5 28. Re1 Bd8 29. b4 Bb6 30. a4 Bd4 31. Ka2 Rc8 32. Re4 f6 33. Rxd4
exd4 34. a5 1-0

[Event "5. ODEM U25 2008"]
[Site "Willingen GER"]
[Date "2008.05.11"]
[Round "1"]
[White "Carow, Annelen"]
[Black "Geshnizjani, Ramin Tobias"]
[Result "0-1"]
[Termination "normal"]
[Board "12"]
[WhiteElo "1542"]
[BlackElo "2039"]
[PlyCount "60"]
[WhiteFideId "24692492"]
[BlackFideId "24633089"]
[EventCountry "GER"]
[EventRounds "9"]
[EventType "swiss"]
[EventDate "2008.05.10"]

1. d4 Nf6 2. c4 c5 3. d5 b5 4. cxb5 a6 5. bxa6 g6 6. Nf3 Bg7 7. g3 d6 8. Bg2
Bxa6 9. O-O Nbd7 10. h3 O-O 11. Nc3 Nb6 12. Re1 Nfd7 13. Bf4 Nc4 14. Qc1 Qb6
15. Rb1 Rfb8 16. b3 Na3 17. Na4 Qb4 18. Bd2 Qxa4 19. bxa4 Nxb1 20. Bh6 Bh8 21.
Qe3 Ne5 22. Nxe5 Bxe5 23. Kh2 Ra7 24. h4 Nc3 25. Qf3 Bc4 26. e4 Rxa4 27. Bh3
Rxa2 28. Re3 Be2 29. Qg2 Nd1 30. Rxe2 Rxe2 0-1

[Event "5. ODEM U25 2008"]
[Site "Willingen GER"]
[Date "2008.05.11"]
[Round "1"]
[White "Pogan, Nicolas"]
[Black "Berger, Manuel"]
[Result "1-0"]
[Termination "normal"]
[Board "13"]
[WhiteElo "2003"]
[BlackElo "1541"]
[PlyCount "95"]
[WhiteFideId "24673579"]
[BlackFideId "24692506"]
[EventCountry "GER"]
[EventRounds "9"]
[EventType "swiss"]
[EventDate "2008.05.10"]

1. e4 c5 2. Nf3 a6 3. c3 Nc6 4. d4 cxd4 5. cxd4 d6 6. Nc3 g6 7. d5 Ne5 8. Nxe5
dxe5 9. Bc4 Nf6 10. f3 Bg7 11. Be3 b5 12. Bb3 O-O 13. O-O Qd6 14. Rc1 Bb7 15.
Qd2 Rac8 16. Ne2 Rfd8 17. Rxc8 Rxc8 18. Rc1 Rxc1+ 19. Qxc1 Nd7 20. Qc3 h6 21.
Nc1 f5 22. Nd3 Kh7 23. Nc5 Nxc5 24. Bxc5 Qc7 25. Bb4 Qxc3 26. bxc3 Bf8 27. Kf2
Kg7 28. Ke3 Kf6 29. a4 Kg5 30. c4 bxc4 31. Bxc4 Kf6 32. Kd3 Kg5 33. Bc5 Kf6 34.
h4 g5 35. hxg5+ Kxg5 36. g3 f4 37. g4 Kf6 38. Kc3 Kf7 39. Kb4 Ke8 40. Ka5 Kd7
41. Kb6 Bc8 42. Bxa6 Bxa6 43. Kxa6 Kc7 44. Kb5 Kb7 45. a5 Kc7 46. a6 Kb8 47.
Kc6 Ka8 48. Kd7 1-0

[Event "5. ODEM U25 2008"]
[Site "Willingen GER"]
[Date "2008.05.11"]
[Round "1"]
[White "Windjäger, Gerd"]
[Black "Ludwig, Sebastian"]
[Result "1-0"]
[Termination "normal"]
[Board "14"]
[WhiteElo "1535"]
[BlackElo "2036"]
[PlyCount "59"]
[BlackFideId "4692780"]
[EventCountry "GER"]
[EventRounds "9"]
[EventType "swiss"]
[EventDate "2008.05.10"]

1. d4 Nf6 2. Nf3 d5 3. e3 c6 4. Nbd2 Bg4 5. c4 e6 6. Qb3 Qc7 7. Ne5 Bh5 8. Bd3
Nbd7 9. f4 Be7 10. O-O O-O 11. h3 Rac8 12. g4 Bg6 13. Nxg6 hxg6 14. g5 Nh5 15.
Rf3 dxc4 16. Bxc4 c5 17. d5 e5 18. Ne4 a6 19. Qd1 Bd6 20. f5 gxf5 21. Rxf5 g6
22. Rf2 Ng7 23. Qg4 Nf5 24. Nf6+ Kg7 25. Nxd7 Qxd7 26. e4 b5 27. Be2 c4 28.
exf5 Bc5 29. f6+ Kg8 30. Qxd7 1-0

[Event "5. ODEM U25 2008"]
[Site "Willingen GER"]
[Date "2008.05.11"]
[Round "1"]
[White "Kunze, Christopher"]
[Black "Nitze, Florian"]
[Result "1-0"]
[Termination "normal"]
[Board "15"]
[WhiteElo "1942"]
[BlackElo "1530"]
[PlyCount "59"]
[WhiteFideId "4647998"]
[BlackFideId "24603902"]
[EventCountry "GER"]
[EventRounds "9"]
[EventType "swiss"]
[EventDate "2008.05.10"]

1. e4 g6 2. d4 Bg7 3. Nc3 d6 4. Be3 c6 5. Qd2 Nd7 6. Nge2 Ngf6 7. f3 O-O 8. Bh6
c5 9. d5 Ne5 10. Ng3 a6 11. h4 b5 12. Be2 b4 13. Nd1 Qb6 14. Bxg7 Kxg7 15. h5
Rh8 16. h6+ Kf8 17. Qg5 Rg8 18. Nf2 Ne8 19. Qe3 f6 20. O-O Nf7 21. Nd3 Qb8 22.
c4 a5 23. Kf2 Qc7 24. Rh1 Ba6 25. Nf1 Rc8 26. Nd2 Ne5 27. Nf4 Kf7 28. Ne6 Qb7
29. f4 Nd7 30. Bg4 1-0

[Event "5. ODEM U25 2008"]
[Site "Willingen GER"]
[Date "2008.05.11"]
[Round "1"]
[White "Kinzel, Franziska"]
[Black "Wurm, Alexander"]
[Result "0-1"]
[Termination "normal"]
[Board "16"]
[WhiteElo "1526"]
[BlackElo "2068"]
[PlyCount "68"]
[BlackFideId "24637246"]
[EventCountry "GER"]
[EventRounds "9"]
[EventType "swiss"]
[EventDate "2008.05.10"]

1. b3 e5 2. Bb2 Nc6 3. e3 d5 4. Be2 Nf6 5. Nf3 Bd6 6. O-O O-O 7. d3 Re8 8. Nbd2
e4 9. Ne1 Ne5 10. d4 Neg4 11. g3 c6 12. c4 Nh6 13. Ng2 Bh3 14. Re1 Nfg4 15.
cxd5 cxd5 16. Rc1 Qf6 17. Nf4 Bxf4 18. exf4 e3 19. f3 Nf2 20. Qc2 Bf5 21. Qc3
Nh3+ 22. Kg2 Rac8 23. Qb4 exd2 24. Qxd2 Bd7 25. Rxc8 Rxc8 26. Bc1 Kh8 27. f5
Nxf5 28. Kxh3 Qxd4 29. Kg2 Qxd2 30. Bxd2 Rc2 31. Bf4 Rxa2 32. Be5 f6 33. Bb8
Bb5 34. Kf1 Rxe2 0-1

[Event "5. ODEM U25 2008"]
[Site "Willingen GER"]
[Date "2008.05.11"]
[Round "1"]
[White "Schäfer, Alexander"]
[Black "Hansch, Stephan"]
[Result "1-0"]
[Termination "normal"]
[Board "17"]
[WhiteElo "1957"]
[BlackElo "1515"]
[PlyCount "37"]
[WhiteFideId "24615196"]
[EventCountry "GER"]
[EventRounds "9"]
[EventType "swiss"]
[EventDate "2008.05.10"]

1. e4 c5 2. Nf3 d6 3. d4 cxd4 4. Nxd4 a6 5. Nc3 Nf6 6. f3 e5 7. Nb3 Be6 8. Be3
b5 9. Qd2 Be7 10. O-O-O O-O 11. g4 b4 12. Na4 d5 13. g5 d4 14. gxf6 Bxf6 15.
Qg2 Bxb3 16. axb3 Qc7 17. Bg5 Bxg5+ 18. Qxg5 Rc8 19. Bd3 1-0

[Event "5. ODEM U25 2008"]
[Site "Willingen GER"]
[Date "2008.05.11"]
[Round "1"]
[White "Zhou, Wile"]
[Black "Ludwig, Jan"]
[Result "0-1"]
[Termination "normal"]
[Board "18"]
[WhiteElo "1512"]
[BlackElo "1957"]
[PlyCount "92"]
[WhiteFideId "4695674"]
[BlackFideId "24643289"]
[EventCountry "GER"]
[EventRounds "9"]
[EventType "swiss"]
[EventDate "2008.05.10"]

1. e4 d5 2. exd5 Qxd5 3. Nc3 Qd6 4. d4 Nf6 5. g3 c6 6. Bf4 Qd8 7. Bg2 Nd5 8.
Nxd5 cxd5 9. Ne2 Nc6 10. O-O Bg4 11. h3 Bh5 12. g4 Bg6 13. Nc3 e6 14. Nb5 Rc8
15. c4 a6 16. cxd5 axb5 17. dxc6 bxc6 18. Rc1 Qd7 19. Qf3 Be7 20. Qxc6 Qxc6 21.
Bxc6+ Kd8 22. Bxb5 h5 23. Rxc8+ Kxc8 24. Rc1+ Kd8 25. Bc7+ Kc8 26. Be5+ Kd8 27.
Bxg7 Rh7 28. Be5 hxg4 29. hxg4 Be4 30. Bc7+ Kc8 31. Bh2+ Kb7 32. Bf1 Bd6 33. f4
Rxh2 34. Kxh2 Bxf4+ 35. Kh3 Bxc1 36. b3 Be3 37. Kg3 Bxd4 38. Kf4 Bb1 39. a3 Bb2
40. a4 Bc3 41. Bc4 Kc7 42. Ke3 Bc2 43. Kf4 Kd6 44. g5 Bd2+ 45. Kg4 Ke5 46. Kh4
Kf5 0-1

[Event "5. ODEM U25 2008"]
[Site "Willingen GER"]
[Date "2008.05.11"]
[Round "1"]
[White "Hinz, Arne"]
[Black "Pfadenhauer, Tobias"]
[Result "1-0"]
[Termination "normal"]
[Board "19"]
[WhiteElo "1965"]
[BlackElo "1759"]
[PlyCount "45"]
[WhiteFideId "24634875"]
[BlackFideId "24615455"]
[EventCountry "GER"]
[EventRounds "9"]
[EventType "swiss"]
[EventDate "2008.05.10"]

1. e4 e6 2. d3 d5 3. e5 c5 4. f4 Nc6 5. Nf3 Bd7 6. Be2 f6 7. O-O Qb6 8. c3 f5
9. Ng5 Nh6 10. Nd2 Be7 11. Ndf3 c4+ 12. d4 O-O-O 13. b3 cxb3 14. axb3 Kc7 15.
Ba3 Bxa3 16. Rxa3 Rdf8 17. c4 Ng4 18. c5 Qb4 19. Qa1 h6 20. Nh3 Rfg8 21. Ra4
Qxb3 22. Ra3 Qc2 23. Bd3 1-0

[Event "5. ODEM U25 2008"]
[Site "Willingen GER"]
[Date "2008.05.11"]
[Round "1"]
[White "Meiser, Michael"]
[Black "Roitzsch, Philippe"]
[Result "0-1"]
[Termination "normal"]
[Board "20"]
[WhiteElo "1490"]
[BlackElo "1971"]
[PlyCount "68"]
[WhiteFideId "24659762"]
[BlackFideId "24635529"]
[EventCountry "GER"]
[EventRounds "9"]
[EventType "swiss"]
[EventDate "2008.05.10"]

1. e4 e5 2. Nf3 Nc6 3. Bb5 Nf6 4. O-O d6 5. d4 exd4 6. Nxd4 Bd7 7. Nxc6 bxc6 8.
Bd3 Be7 9. b3 O-O 10. Bb2 Ng4 11. Nd2 f5 12. exf5 Nh6 13. f6 Bxf6 14. Bxf6 Qxf6
15. Ne4 Qf4 16. h3 Nf7 17. Qh5 g6 18. Qa5 d5 19. Nc5 Bc8 20. Ba6 Bxh3 21. Qc3
Bf5 22. Bd3 Ng5 23. Bxf5 Qxf5 24. Rac1 Rae8 25. Qg3 Rf7 26. b4 Rfe7 27. a3 Nf7
28. c4 dxc4 29. Rxc4 Qd5 30. Rc3 Qd2 31. Rcc1 Nd6 32. Na6 Nf7 33. Rxc6 Qe2 34.
Nxc7 Qxf1+ 0-1